Phenomenology of perception (Record no. 13883)
[ view plain ]
| 000 -LEADER | |
|---|---|
| fixed length control field | 00505nam a2200217Ia 4500 |
| 003 - CONTROL NUMBER IDENTIFIER | |
| control field | 0100 |
| 008 - FIXED-LENGTH DATA ELEMENTS--GENERAL INFORMATION | |
| fixed length control field | 130303s9999 xx 000 0 und d |
| 020 ## - INTERNATIONAL STANDARD BOOK NUMBER | |
| International Standard Book Number | 0391025511 |
| 040 ## - CATALOGING SOURCE | |
| Transcribing agency | ARRUPELIB |
| 050 ## - LIBRARY OF CONGRESS CALL NUMBER | |
| Classification number | B2430.M3763P4713 1962b |
| 300 ## - PHYSICAL DESCRIPTION | |
| Other physical details | 466p. 22cm. |
| 100 ## - MAIN ENTRY--PERSONAL NAME | |
| Personal name | Merleau-Ponty, Maurice |
| 245 ## - TITLE STATEMENT | |
| Title | Phenomenology of perception |
| 260 ## - PUBLICATION, DISTRIBUTION, ETC. (IMPRINT) | |
| Place of publication, distribution, etc | London |
| 260 ## - PUBLICATION, DISTRIBUTION, ETC. (IMPRINT) | |
| Name of publisher, distributor, etc | Routledge & Kegan Paul |
| 260 ## - PUBLICATION, DISTRIBUTION, ETC. (IMPRINT) | |
| -- | 1962 |
| 300 ## - PHYSICAL DESCRIPTION | |
| Extent | xxi |
| 650 ## - SUBJECT ADDED ENTRY--TOPICAL TERM | |
| Topical term or geographic name as entry element | PHILOSOPHY |
| 650 ## - SUBJECT ADDED ENTRY--TOPICAL TERM | |
| Topical term following geographic name as entry element | Humanism |
| 942 00 - ADDED ENTRY ELEMENTS (KOHA) | |
| Koha issues (borrowed), all copies | 1 |
| Withdrawn status | Lost status | Source of classification or shelving scheme | Damaged status | Not for loan | Collection code | Home library | Current library | Shelving location | Date acquired | Total Checkouts | Full call number | Barcode | Date last seen | Copy number | Price effective from | Koha item type | Date checked out |
|---|---|---|---|---|---|---|---|---|---|---|---|---|---|---|---|---|---|
| Library of Congress Classification | Main Collection | ARRUPE LIBRARY | ARRUPE LIBRARY | Main Collection | 04/03/2013 | B2430.M3763P4713 1962b | 46003007476 | 04/03/2013 | 1 | 04/03/2013 | Monograph ( Printed materials) | ||||||
| Library of Congress Classification | Main Collection | ARRUPE LIBRARY | ARRUPE LIBRARY | 04/03/2013 | B2430.M3763P4713 1962b | 46003007473 | 15/04/2014 | 2 | 04/03/2013 | Monograph ( Printed materials) | |||||||
| Library of Congress Classification | Main Collection | ARRUPE LIBRARY | ARRUPE LIBRARY | 04/03/2013 | 5 | B2430.M3763P4713 1962 | 46003012135 | 02/02/2026 | 3 | 04/03/2013 | Monograph ( Printed materials) | 26/11/2025 | |||||
| Library of Congress Classification | Main Collection | ARRUPE LIBRARY | ARRUPE LIBRARY | 04/03/2013 | 1 | B2430.M3763P4713 1962 | 46405275 | 16/01/2020 | 4 | 04/03/2013 | Monograph ( Printed materials) | 29/10/2019 |